Bears / (Record no. 2052)

MARC details
000 -LEADER
fixed length control field 00959nam a22003137a 4500
005 - DATE AND TIME OF LATEST TRANSACTION
control field 20250825134612.0
020 ## - INTERNATIONAL STANDARD BOOK NUMBER
International Standard Book Number 9780439889919
040 ## - CATALOGING SOURCE
Original cataloging agency FISKH
Language of cataloging eng
Transcribing agency FISKH
Modifying agency FISKH
050 ## - LIBRARY OF CONGRESS CALL NUMBER
Classification number QL737.C27
082 ## - DEWEY DECIMAL CLASSIFICATION NUMBER
Classification number 599.78
100 ## - MAIN ENTRY--PERSONAL NAME
Personal name Helbrough, Emma
245 ## - TITLE STATEMENT
Title Bears /
Statement of responsibility, etc. Usborne Beginners
250 ## - EDITION STATEMENT
Edition statement First Scholastic printing, December 2006
260 ## - PUBLICATION, DISTRIBUTION, ETC.
Place of publication, distribution, etc. New York :
Name of publisher, distributor, etc. Scholastic,
Date of publication, distribution, etc. 2006
300 ## - PHYSICAL DESCRIPTION
Extent 32 pages :
Dimensions 20 cm
505 ## - FORMATTED CONTENTS NOTE
Formatted contents note M
520 ## - SUMMARY, ETC.
Summary, etc. What do bears eat? Where do they live? Can they swim? In this book you'll find the answers and lots more about the fascinating world of bears.
521 ## - TARGET AUDIENCE NOTE
Target audience note 560 <br/>
Source Lexile<br/>
521 ## - TARGET AUDIENCE NOTE
Target audience note M<br/>
Source Raz-Plus<br/>
650 ## - SUBJECT ADDED ENTRY--TOPICAL TERM
Source of heading or term animals
650 ## - SUBJECT ADDED ENTRY--TOPICAL TERM
Source of heading or term bear
650 ## - SUBJECT ADDED ENTRY--TOPICAL TERM
Source of heading or term polar bear
700 ## - ADDED ENTRY--PERSONAL NAME
Personal name Lawrence, Michelle
Titles and other words associated with a name Co-designer
700 ## - ADDED ENTRY--PERSONAL NAME
Personal name Thompson, Joseph
Titles and other words associated with a name Co-designer
700 ## - ADDED ENTRY--PERSONAL NAME
Personal name Kushii, Tetsuo
Titles and other words associated with a name Co-illustrator
700 ## - ADDED ENTRY--PERSONAL NAME
Personal name Larkum, Adam
Titles and other words associated with a name Co-illustrator
942 ## - ADDED ENTRY ELEMENTS (KOHA)
Source of classification or shelving scheme Library of Congress Classification
Koha item type Books
Suppress in OPAC No
999 ## -
-- 2052
-- 2052
Holdings
Withdrawn status Lost status Source of classification or shelving scheme Damaged status Not for loan Home library Current library Shelving location Date acquired Total Checkouts Full call number Barcode Date last seen Copy number Price effective from Koha item type Date last checked out Collection
    Dewey Decimal Classification     Footprints International School Library Network Toul Kork Campus Footprints International School Library Network Toul Kork Campus TK Primary Library Room(4th Floor), Bookcase 3&4, Shelves 17-32, Yellow Books 11/02/2023   HEL 599.78 QL737.C27 FISBK04328 11/02/2023 1 11/02/2023 Books    
    Dewey Decimal Classification     Footprints International School Library Network Toul Kork Campus Footprints International School Library Network Toul Kork Campus TK Primary Library Room(4th Floor), Bookcase 3&4, Shelves 17-32, Yellow Books 07/10/2024 1 HEL 599.78 QL737.C27 FISBK04360 09/09/2024 2 07/10/2024 Books 08/12/2024  
    Dewey Decimal Classification     Footprints International School Library Network Toul Kork Campus Footprints International School Library Network Toul Kork Campus TK Primary Library Room(4th Floor), Bookcase 3&4, Shelves 17-32, Yellow Books 10/28/2024   HEL 599.78 QL737.C27 2024-2234 10/28/2024 4 10/28/2024 Books    
    Dewey Decimal Classification     Footprints International School Library Network Toul Kork Campus Footprints International School Library Network Toul Kork Campus TK Primary Library Room(4th Floor), Bookcase 3&4, Shelves 17-32, Yellow Books 04/21/2025   HEL 599.78 QL737.C27 FISTK02087 04/21/2025 5 04/21/2025 Books   Juvenile Fiction
    Dewey Decimal Classification     Footprints International School Library Network Toul Kork Campus Footprints International School Library Network Toul Tom Poung Campus   07/10/2024 1 HEL 599.78 QL737.C27 FIS04336 10/08/2025 3 07/10/2024 Books 08/20/2025  
    Dewey Decimal Classification     Footprints International School Library Network Toul Tom Poung Campus Footprints International School Library Network Toul Tom Poung Campus TTP Primary Yellow Bookshelves 08/25/2025   HEL 599.78 QL737.C27 FISO5291 08/25/2025 6 08/25/2025 Books   Juvenile Fiction